PSG Players By Market Value (2023/24 Season) - Statistics

General Stats
  • This quiz has been taken 1,524 times
    812 since last reset
  • The average score is 5 of 19
Answer Stats
Market Value Player % Correct
€180.00m Kylian Mbappé
100%
€80.00m Randal Kolo Muani
56%
€65.00m Marquinhos/Achraf Hakimi/Nuno Mendes
54%
€60.00m Ousmane Dembélé
45%
€45.00m Gianluigi Donnarumma/Lucas Hernández
38%
€50.00m Milan Škriniar/Manuel Ugarte/Gonçalo Ramos
38%
€42.00m Vitinha
30%
€32.00m Fabián Ruiz
23%
€25.00m Carlos Soler/Marco Asensio
19%
€18.00m Nordi Mukiele/Bradley Barcola
17%
€20.00m Hugo Ekitiké/Warren Zaïre-Emery
16%
€28.00m Presnel Kimpembe
16%
€4.00m Keylor Navas
13%
€22.00m Kang-in Lee
12%
€3.00m Layvin Kurzawa/Sergio Rico
11%
€300k Alexandre Letellier
10%
€10.00m Danilo Pereira
8%
€5.00m Arnau Tenas
6%
€1.50m Cher Ndour
3%
No matching quizzes found
Score Distribution
Percent of People with Each Score
Percentile by Number Answered
Your Score History
You have not taken this quiz since the last reset